...EGLI DISSE DI AMARCI! CONFERENZE. (Record n. 274057)

Dettagli MARC
000 -LEADER
fixed length control field 00867nam a2200229Ia 4500
001 - CONTROL NUMBER
control field L248-14886
003 - CONTROL NUMBER IDENTIFIER
control field IT-CnALBA
008 - FIXED-LENGTH DATA ELEMENTS--GENERAL INFORMATION
fixed length control field 170116s9999||||xx |||||||||||||| ||und||
040 ## - CATALOGING SOURCE
Original cataloging agency IT-CnALBA
Transcribing agency IT-CnALBA
041 ## - LANGUAGE CODE
Language code of text/sound track or separate title ITALIANO
999 ## - SYSTEM CONTROL NUMBERS (KOHA)
Koha Dewey Subclass [OBSOLETE] SI
100 ## - MAIN ENTRY--PERSONAL NAME
Personal name AIUTI LUIGI, MONS. DOTT.
245 #0 - TITLE STATEMENT
Title ...EGLI DISSE DI AMARCI! CONFERENZE.
250 ## - EDITION STATEMENT
Edition statement 1a ed.
260 ## - PUBLICATION, DISTRIBUTION, ETC. (IMPRINT)
Place of publication, distribution, etc. ROMA
Name of publisher, distributor, etc. FERRARI FRANCESCO LIBR. ED. REL.
Date of publication, distribution, etc. 1937 [1° Ed.:1937 - Ed.Ling.Originale: 1937]
300 ## - PHYSICAL DESCRIPTION
Extent 235 p.
500 ## - GENERAL NOTE
General note AMORE DI DIO. AMORE DEL PROSSIMO. CARITÀ. PACE. SANTITÀ. S. VINCENZO DÈ PAOLI.
501 ## - WITH NOTE
With note Società San Paolo EM - Piazza San Paolo, 14 - 12051 ALBA (CN) (non commercial uses only) ® Copyright 2017
520 ## - SUMMARY, ETC.
Summary, etc. AMORE DI DIO. AMORE DEL PROSSIMO. CARITÀ. PACE. SANTITÀ. S. VINCENZO DÈ PAOLI.
650 ## - SUBJECT ADDED ENTRY--TOPICAL TERM
Topical term or geographic name as entry element ASCETICA E MISTICA
942 ## - ADDED ENTRY ELEMENTS (KOHA)
Koha item type LIBRO
957 ## -
-- 1
999 ## - SYSTEM CONTROL NUMBERS (KOHA)
-- Copie: 1
Dati di copia
Withdrawn status Lost status Damaged status Not for loan Home library Current library Date acquired Total Checkouts Full call number Date last seen Price effective from Koha item type Public note
    Buone Condizioni Not For Loan ALBA - Biblioteca ALBA - Biblioteca 16/01/2017   L248-14886 16/01/2017 16/01/2017 LIBRO (data import: 16 gennaio 2017) - By Epidotti, Vaglietti.
CREDITS: SOCIETA' SAN PAOLO Via A.Severo, 58 - ROMA (RM) & PERIODICI SAN PAOLO SRL Via Giotto, 36 MILANO & CISF Via Giotto, 36 MILANO & EDIZIONI SAN PAOLO SRL,  Piazza Soncino, 5 CINISELLO BALSAMO (MI) -- ITALY